01320nab a22002297a 4500999001500000003000400015005001700019008004100036040000700077100003000084245018000114300001300294505042200307505007200729600000900801650002800810650005800838650003200896700004000928773010900968942001301077 c5874d5874OSt20260109012624.0190514b xxu||||| |||| 00| 0 spa d cPJ 96756aAndriola, Karina A.13aLa fijación de alimentos provisorios a favor de niños, niñas y adolescentes :bentre la urgencia y la desigualdad estructural / cKarina A. Andriola, Ciro L. Battistina. ap. 11-19 aSumario: I. Introducción: ¿por qué se vuelve relevante hablar de alimentos “provisorios”?— II. Alimentos provisorios: ¿entre su recepción normativa y su importancia?— III. Pautas para su fijación.— IV. Proceso (a los fijes de fijar alimentos provisorios). ¿Un análisis comparativo entre las provincias de Chubut y Buenos Aires?— V. Algunas reflexiones: ¿la construcción de un ABC posible?. tSi te interesa el texto, comunicate a koha@justierradelfuego.gov.ar 096757 09967aDERECHO DE FAMILIA 092741aDERECHOS DE LAS NIÑAS, NIÑOS Y ADOLESCENTES 096320aALIMENTOS PROVISORIOS 96757aBattistina, Ciro L. ecoautor0 0284493222dBuenos Aires : AbeledoPerrot, 1989-tDerecho de familia. N° 121 - Septiembre 2025z18511201 2udccANA